[Event "UKR-ch rapid"]
[Site "Omelnyk"]
[Date "2017.10.13"]
[Round "6"]
[White "Shkuro, Iuri"]
[Black "Shalimov, Valery"]
[Result "1-0"]
[WhiteElo "2566"]
[BlackElo "2402"]
[PlyCount "77"]
[EventDate "2017.10.12"]
[EventType "swiss (rapid)"]
[EventRounds "9"]
[EventCountry "UKR"]
[SourceTitle "CBM 181 Extra"]
[Source "ChessBase"]
[SourceDate "2017.12.12"]
[SourceVersion "1"]
[SourceVersionDate "2017.12.12"]
[SourceQuality "1"]

1. e4 c5 2. Nc3 g6 3. f4 Bg7 4. Nf3 d6 5. Bc4 Nc6 6. d3 Nf6 7. 0-0 Bg4 8. h3 Bxf3 9. Qxf3 0-0 10. a4 e6 11. Ba2 a6 12. Ne2 d5 13. Kh1 b5 14. exd5 Nxd5 15. axb5 axb5 16. c3 Qd7 17. Bd2 Nde7 18. Be3 Qxd3 19. Rad1 Qxd1 20. Rxd1 Rxa2 21. Bxc5 Rxb2 22. Rd7 Re8 23. Rc7 Rd2 24. Rxc6 Nxc6 25. Qxc6 Red8 26. Nd4 e5 27. Nf3 Rd1+ 28. Kh2 exf4 29. Bd4 Bxd4 30. cxd4 Rb8 31. Qc7 Ra8 32. Ng5 Rf8 33. Qxf4 b4 34. d5 Rxd5 35. Ne4 Rf5 36. Qc7 Rb5 37. Nd6 Rbb8 38. Nxf7 Rfc8 39. Nh6+ 1-0

[Event "Titled Tuesday intern op 6th Sept"]
[Site "Chess.com INT"]
[Date "2016.09.06"]
[Round "2"]
[White "Norowitz, Yaacov"]
[Black "Shkuro, Iuri"]
[Result "0-1"]
[WhiteElo "2429"]
[BlackElo "2566"]
[PlyCount "40"]
[EventDate "2016.09.06"]
[EventType "swiss (blitz)"]
[EventRounds "9"]
[EventCountry "USA"]
[SourceTitle "EXT 2021"]
[Source "ChessBase"]
[SourceDate "2020.10.23"]
[SourceVersion "1"]
[SourceVersionDate "2020.10.23"]
[SourceQuality "1"]

1. d4 Nc6 2. Nf3 d6 3. d5 Nb8 4. e4 Nf6 5. Nc3 g6 6. h3 Bg7 7. Be2 0-0 8. 0-0 c6 9. Be3 b5 10. dxc6 b4 11. Nd5 Nxc6 12. Nd4 Bb7 13. Nxf6+ Bxf6 14. f3 d5 15. exd5 Qxd5 16. c4 Qe5 17. Nc2 Rfd8 18. Qc1 Qxb2 19. Rb1 Qxa2 20. Rf2 b3 0-1

[Event "Titled Tuesday intern op 6th Sept"]
[Site "Chess.com INT"]
[Date "2016.09.06"]
[Round "1"]
[White "Terletsky, Oleg"]
[Black "Shkuro, Iuri"]
[Result "0-1"]
[WhiteElo "2234"]
[BlackElo "2566"]
[PlyCount "104"]
[EventDate "2016.09.06"]
[EventType "swiss (blitz)"]
[EventRounds "9"]
[EventCountry "USA"]
[SourceTitle "EXT 2021"]
[Source "ChessBase"]
[SourceDate "2020.10.23"]
[SourceVersion "1"]
[SourceVersionDate "2020.10.23"]
[SourceQuality "1"]

1. e4 Nc6 2. d4 d5 3. e5 Bf5 4. c3 f6 5. f4 Nh6 6. Nf3 e6 7. Bb5 Be7 8. 0-0 0-0 9. Be3 Ng4 10. Qe2 fxe5 11. fxe5 Qe8 12. Nbd2 Qg6 13. h3 Nxe3 14. Qxe3 Nb8 15. Kh2 h5 16. Rf2 a6 17. Be2 Nd7 18. Raf1 c5 19. g3 Rac8 20. h4 Bg4 21. Bd3 Bf5 22. Bxf5 Rxf5 23. Ne1 Rcf8 24. Rxf5 Rxf5 25. Rxf5 Qxf5 26. Qf4 Qxf4 27. gxf4 Bxh4 28. Ng2 Bf2 29. Nf3 cxd4 30. cxd4 Kf7 31. f5 Nf8 32. Nf4 h4 33. fxe6+ Nxe6 34. Nxd5 Nxd4 35. Ng5+ Ke8 36. e6 Nf5 37. Kh3 Ne3 38. Nxe3 Bxe3 39. Nf7 Ke7 40. Kxh4 Kxe6 41. Nd8+ Kf5 42. Nxb7 Kf4 43. Kh3 Kf3 44. Nd6 g5 45. Nf5 g4+ 46. Kh2 Bf2 47. b4 g3+ 48. Nxg3 Bxg3+ 49. Kh3 Be1 50. a3 Ke4 51. Kg2 Kd3 52. Kf1 Bc3 0-1

[Event "Titled Tuesday intern op 7th June"]
[Site "Chess.com INT"]
[Date "2016.06.07"]
[Round "7"]
[White "Shkuro, Iuri"]
[Black "Chigaev, Maksim"]
[Result "0-1"]
[WhiteElo "2566"]
[BlackElo "2542"]
[PlyCount "132"]
[EventDate "2016.06.07"]
[EventType "swiss (blitz)"]
[EventRounds "9"]
[EventCountry "USA"]
[SourceTitle "EXT 2021"]
[Source "ChessBase"]
[SourceDate "2020.10.23"]
[SourceVersion "1"]
[SourceVersionDate "2020.10.23"]
[SourceQuality "1"]

1. e4 c6 2. d4 d5 3. e5 Bf5 4. c4 e6 5. Nc3 Ne7 6. a3 dxc4 7. Bxc4 Nd7 8. Nge2 h6 9. 0-0 Nb6 10. Bb3 Ned5 11. Ng3 Bg6 12. f4 Qd7 13. Qf3 Ne7 14. Be3 h5 15. Nce4 Nf5 16. Nxf5 Bxf5 17. h3 h4 18. a4 Nd5 19. Bf2 Be7 20. a5 0-0 21. Ng5 Bxg5 22. fxg5 Ne7 23. Rfd1 Ng6 24. a6 bxa6 25. Rxa6 Rab8 26. Ra3 Rb7 27. Qe3 Rfb8 28. Rc1 Rb6 29. Rc3 Rb4 30. Kh2 Ne7 31. Ra6 Bg6 32. Qf3 R4b6 33. Rxb6 axb6 34. Qf4 Rd8 35. Qf3 Ra8 36. Qf4 Nf5 37. Qe4 Rc8 38. Qf4 Rd8 39. Bc2 Ra8 40. Bd3 Ne7 41. Be2 Nd5 42. Qxh4 Nxc3 43. bxc3 Ra2 44. Qg4 Rc2 45. h4 Bf5 46. Qf3 Qd5 47. Bg3 Be4 48. Qe3 b5 49. Kg1 Bxg2 50. h5 Bh1 51. Qf2 Rc1+ 52. Kh2 Be4 53. Bf1 Bf5 54. Bg2 Qc4 55. h6 Rc2 56. Qf3 Qe2 57. Qxe2 Rxe2 58. hxg7 Kxg7 59. Kg1 Be4 60. Bf1 Rc2 61. Bf2 Rxc3 62. g6 Kxg6 63. Bh4 b4 64. Be1 Rc1 65. Bxb4 Bd3 66. Kf2 Rxf1+ 0-1

[Event "Titled Tuesday intern op 7th June"]
[Site "Chess.com INT"]
[Date "2016.06.07"]
[Round "1"]
[White "Shkuro, Iuri"]
[Black "Kotepalli, Sai Nirupama"]
[Result "1-0"]
[WhiteElo "2566"]
[BlackElo "1944"]
[PlyCount "127"]
[EventDate "2016.06.07"]
[EventType "swiss (blitz)"]
[EventRounds "9"]
[EventCountry "USA"]
[SourceTitle "EXT 2021"]
[Source "ChessBase"]
[SourceDate "2020.10.23"]
[SourceVersion "1"]
[SourceVersionDate "2020.10.23"]
[SourceQuality "1"]

1. e4 c5 2. Nc3 e6 3. f4 d5 4. exd5 exd5 5. Bb5+ Nc6 6. Nf3 Nf6 7. 0-0 Be7 8. Ne5 Qc7 9. Bxc6+ bxc6 10. d3 0-0 11. Qf3 Bd6 12. Kh1 Bxe5 13. fxe5 Qxe5 14. Bf4 Qf5 15. Bd6 Qxf3 16. Rxf3 Re8 17. Bxc5 Bg4 18. Rff1 Re6 19. Rae1 a6 20. h3 Bh5 21. Rxe6 fxe6 22. Re1 Re8 23. Bd6 Nd7 24. d4 Bg6 25. Re2 Nf6 26. Kg1 Ne4 27. Nxe4 Bxe4 28. Rf2 Rd8 29. Be7 Re8 30. Bc5 h6 31. c3 e5 32. dxe5 Rxe5 33. Bd4 Rg5 34. Kh2 h5 35. b4 Kh7 36. a3 Rg6 37. g3 h4 38. g4 Re6 39. Rf7 Bg6 40. Rxg7+ Kh6 41. Rg8 Re2+ 42. Kg1 Be4 43. Kf1 Rh2 44. g5+ Kh5 45. g6 Bxg6 46. Be3 Rxh3 47. Kf2 Rh2+ 48. Kf3 Be4+ 49. Kf4 Rh1 50. Ke5 h3 51. Rg5+ Kh4 52. Rg7 Re1 53. Bf2+ Kh5 54. Bxe1 h2 55. Rg8 h1Q 56. Rh8+ Kg4 57. Rxh1 Bxh1 58. Bf2 Kf3 59. Bd4 Ke2 60. Kd6 Kd3 61. Kxc6 Kc2 62. Kb6 Kb3 63. Kxa6 Kxa3 64. b5 1-0

[Event "Azov Don Cup"]
[Site "Azov"]
[Date "2010.07.14"]
[Round "2"]
[White "Akbaev, Kazbek"]
[Black "Shkuro, Iuri"]
[Result "0-1"]
[WhiteElo "2485"]
[BlackElo "2560"]
[PlyCount "92"]
[EventDate "2010.07.13"]
[EventType "tourn"]
[EventRounds "11"]
[EventCountry "RUS"]
[EventCategory "6"]
[SourceTitle "EXT 2011"]
[Source "ChessBase"]
[SourceDate "2010.11.26"]
[SourceVersion "1"]
[SourceVersionDate "2010.11.26"]
[SourceQuality "1"]

1. d4 Nf6 2. Nf3 e6 3. c4 b6 4. g3 Ba6 5. Qc2 c5 6. d5 exd5 7. cxd5 Bb7 8. Bg2 Nxd5 9. 0-0 Be7 10. Rd1 Qc8 11. Qc4 Nc7 12. Nc3 0-0 13. Qd3 Re8 14. Bf4 Ne6 15. Be3 Ba6 16. Qd5 Nc6 17. Qxd7 Rd8 18. Qxc8 Raxc8 19. Bd2 Bf6 20. e4 Bxc3 21. Bxc3 Ncd4 22. Nxd4 cxd4 23. Bb4 Rc2 24. Rab1 Be2 25. Rd2 d3 26. f3 Rdc8 27. Kf2 R8c4 28. Rxc2 dxc2 29. Rc1 Rxb4 30. Kxe2 Rxb2 31. Kd3 Rxa2 32. Rxc2 Rxc2 33. Kxc2 f6 34. f4 Kf7 35. Kc3 g5 36. fxg5 Nxg5 37. h4 Ne6 38. Kc4 Nc7 39. Bh3 Ke7 40. Bf5 h6 41. e5 fxe5 42. g4 Kf6 43. Be4 Na6 44. Kd5 Nc5 45. Bc2 e4 46. Kd4 a5 0-1

[Event "Evpatoria"]
[Site "Evpatoria"]
[Date "2010.02.09"]
[Round "14"]
[White "Bagrationi, Alexander"]
[Black "Shkuro, Iuri"]
[Result "0-1"]
[WhiteElo "2366"]
[BlackElo "2519"]
[PlyCount "100"]
[EventDate "2010.02.02"]
[EventType "tourn"]
[EventRounds "14"]
[EventCountry "UKR"]
[EventCategory "5"]
[SourceTitle "CBM 134 Extra"]
[Source "ChessBase"]
[SourceDate "2010.03.03"]
[SourceVersion "1"]
[SourceVersionDate "2010.03.03"]
[SourceQuality "1"]

1. d4 Nc6 2. d5 Ne5 3. Nf3 Nxf3+ 4. exf3 Nf6 5. c4 e6 6. dxe6 fxe6 7. Bd3 Bc5 8. Qc2 0-0 9. Bg5 h6 10. Be3 Qe7 11. 0-0 d5 12. cxd5 Bxe3 13. fxe3 Nxd5 14. Re1 Nb4 15. Qb3 Nxd3 16. Qxd3 Bd7 17. Nc3 Bc6 18. Qc4 Qf6 19. e4 Rad8 20. Rad1 Qe5 21. a4 Rd6 22. b4 Rfd8 23. b5 Rxd1 24. Rxd1 Rxd1+ 25. Nxd1 Be8 26. Ne3 c6 27. Ng4 cxb5 28. axb5 Qd6 29. Qc8 Qd4+ 30. Kf1 Qd7 31. Qb8 Qxb5+ 32. Kf2 a5 33. h4 a4 34. Qd6 Qd7 35. Qb4 b5 36. Ne5 Qc7 37. f4 Qc1 38. Kg3 Qe3+ 39. Nf3 a3 40. Qe7 Bf7 41. Qd8+ Kh7 42. Qa8 e5 43. f5 a2 44. Kh2 b4 45. Qa5 Qf4+ 46. Kh3 Qxe4 47. Kh2 Qf4+ 48. Kh3 Qxf5+ 49. Kh2 Qf4+ 50. Kh3 Be6+ 0-1

[Event "Evpatoria"]
[Site "Evpatoria"]
[Date "2010.02.07"]
[Round "12"]
[White "Jary, Sergey"]
[Black "Shkuro, Iuri"]
[Result "0-1"]
[WhiteElo "2184"]
[BlackElo "2519"]
[PlyCount "94"]
[EventDate "2010.02.02"]
[EventType "tourn"]
[EventRounds "14"]
[EventCountry "UKR"]
[EventCategory "5"]
[SourceTitle "CBM 134 Extra"]
[Source "ChessBase"]
[SourceDate "2010.03.03"]
[SourceVersion "1"]
[SourceVersionDate "2010.03.03"]
[SourceQuality "1"]

1. e4 Nc6 2. Nf3 d6 3. d4 Bg4 4. Bb5 Nf6 5. h3 Bd7 6. d5 Ne5 7. Bxd7+ Qxd7 8. Nxe5 dxe5 9. Nc3 e6 10. dxe6 Qxd1+ 11. Kxd1 fxe6 12. Ke2 a6 13. Rd1 Bc5 14. Be3 Bd6 15. Rd3 0-0-0 16. Rad1 Rhf8 17. a3 h6 18. b4 g5 19. f3 Nh5 20. Kf1 Nf4 21. Bxf4 exf4 22. Ne2 Be5 23. Rxd8+ Rxd8 24. Rxd8+ Kxd8 25. Ke1 Kd7 26. Kd2 Kc6 27. c4 Kd6 28. Nc1 Bd4 29. Na2 c5 30. Kc2 Be3 31. Kb3 h5 32. Nc3 Ke5 33. Na4 cxb4 34. axb4 g4 35. hxg4 hxg4 36. c5 Kd4 37. Nb6 gxf3 38. gxf3 Kd3 39. Nc8 Ke2 40. Nd6 Kxf3 41. Nxb7 Ke2 42. c6 Bb6 43. Nd6 f3 44. e5 Kd3 45. Nc4 f2 46. Nxb6 f1Q 47. c7 Qd1+ 0-1

[Event "Evpatoria"]
[Site "Evpatoria"]
[Date "2010.02.07"]
[Round "11"]
[White "Shkuro, Iuri"]
[Black "Chos, Alexey"]
[Result "1-0"]
[WhiteElo "2519"]
[BlackElo "2327"]
[PlyCount "113"]
[EventDate "2010.02.02"]
[EventType "tourn"]
[EventRounds "14"]
[EventCountry "UKR"]
[EventCategory "5"]
[SourceTitle "CBM 134 Extra"]
[Source "ChessBase"]
[SourceDate "2010.03.03"]
[SourceVersion "1"]
[SourceVersionDate "2010.03.03"]
[SourceQuality "1"]

1. e4 c5 2. Nf3 d6 3. d4 cxd4 4. Nxd4 Nf6 5. Nc3 a6 6. Bg5 e6 7. f4 Nbd7 8. Qf3 Qc7 9. 0-0-0 Be7 10. g4 h6 11. Bh4 g5 12. fxg5 Ne5 13. Qg3 Nfxg4 14. gxh6 Bxh4 15. Qxh4 Rxh6 16. Qg3 Bd7 17. Be2 Nf6 18. Qg7 Rg6 19. Qh8+ Ng8 20. Bh5 0-0-0 21. Bxg6 Nxg6 22. Qg7 Ne5 23. h4 Ne7 24. Qf6 N7c6 25. Nxc6 Bxc6 26. h5 b5 27. h6 b4 28. Nd5 exd5 29. h7 Ng6 30. exd5 Ba4 31. b3 Bb5 32. h8Q Nxh8 33. Rxh8 Rxh8 34. Qxh8+ Kb7 35. Qf6 Kb6 36. Re1 Ka5 37. Re7 Qc5 38. Rxf7 Qg1+ 39. Kb2 Qb6 40. Rf8 Qc7 41. Qd8 Kb6 42. Qxc7+ Kxc7 43. a4 Bd7 44. c3 bxc3+ 45. Kxc3 Kb6 46. Kc4 Kc7 47. Rf7 Kd8 48. Rxd7+ Kxd7 49. b4 Kc8 50. a5 Kb8 51. b5 Kb7 52. bxa6+ Kxa6 53. Kb4 Ka7 54. Kb5 Kb7 55. a6+ Kc7 56. Ka5 Kb8 57. Kb6 1-0

[Event "Evpatoria"]
[Site "Evpatoria"]
[Date "2010.02.06"]
[Round "9"]
[White "Sanduleac, Vasile"]
[Black "Shkuro, Iuri"]
[Result "1/2-1/2"]
[WhiteElo "2466"]
[BlackElo "2519"]
[PlyCount "26"]
[EventDate "2010.02.02"]
[EventType "tourn"]
[EventRounds "14"]
[EventCountry "UKR"]
[EventCategory "5"]
[SourceTitle "CBM 134 Extra"]
[Source "ChessBase"]
[SourceDate "2010.03.03"]
[SourceVersion "1"]
[SourceVersionDate "2010.03.03"]
[SourceQuality "1"]

1. e4 Nc6 2. Nf3 d6 3. Nc3 Nf6 4. d4 g6 5. h3 Bg7 6. Be3 0-0 7. Qd2 a6 8. Bd3 e5 9. dxe5 dxe5 10. 0-0 Qe7 11. Rad1 Be6 12. Qc1 Rfd8 13. Ng5 Nd4 1/2-1/2

[Event "Evpatoria"]
[Site "Evpatoria"]
[Date "2010.02.03"]
[Round "4"]
[White "Chos, Alexey"]
[Black "Shkuro, Iuri"]
[Result "0-1"]
[WhiteElo "2327"]
[BlackElo "2519"]
[PlyCount "92"]
[EventDate "2010.02.02"]
[EventType "tourn"]
[EventRounds "14"]
[EventCountry "UKR"]
[EventCategory "5"]
[SourceTitle "CBM 134 Extra"]
[Source "ChessBase"]
[SourceDate "2010.03.03"]
[SourceVersion "1"]
[SourceVersionDate "2010.03.03"]
[SourceQuality "1"]

1. e4 Nc6 2. Nf3 d6 3. d4 Bg4 4. Be3 e5 5. d5 Nce7 6. c4 g6 7. Nc3 Bg7 8. Be2 Nf6 9. h3 Bxf3 10. Bxf3 0-0 11. Qd2 c6 12. dxc6 bxc6 13. Rd1 d5 14. cxd5 cxd5 15. exd5 Nf5 16. Bc5 Re8 17. 0-0 e4 18. Be2 Bh6 19. Qc2 Rc8 20. Bxa7 Qe7 21. Bb6 Qd6 22. Ba5 e3 23. Rd3 exf2+ 24. Rxf2 Be3 25. Rxe3 Nxe3 26. Qa4 Nfxd5 27. Nxd5 Nxd5 28. Bd2 Nf6 29. Qb4 Qxb4 30. Bxb4 Ne4 31. Rf4 Rc2 32. Bd3 Rxb2 33. a3 f5 34. Bb5 Rb1+ 35. Kh2 Rd8 36. Bc6 Nd2 37. Bxd2 Rxd2 38. a4 Kg7 39. Bb5 Kf6 40. Rc4 Rbb2 41. Rc6+ Ke5 42. Bf1 f4 43. a5 f3 44. a6 fxg2 45. Bc4 Rd1 46. Re6+ Kf5 0-1

[Event "Evpatoria"]
[Site "Evpatoria"]
[Date "2010.02.03"]
[Round "3"]
[White "Sevostianov, Pavel"]
[Black "Shkuro, Iuri"]
[Result "0-1"]
[WhiteElo "2251"]
[BlackElo "2519"]
[PlyCount "114"]
[EventDate "2010.02.02"]
[EventType "tourn"]
[EventRounds "14"]
[EventCountry "UKR"]
[EventCategory "5"]
[SourceTitle "CBM 134 Extra"]
[Source "ChessBase"]
[SourceDate "2010.03.03"]
[SourceVersion "1"]
[SourceVersionDate "2010.03.03"]
[SourceQuality "1"]

1. d4 Nc6 2. Nf3 d6 3. d5 Nb8 4. e4 Bg4 5. Nbd2 g6 6. h3 Bxf3 7. Nxf3 Bg7 8. Bd3 Nf6 9. 0-0 0-0 10. Be3 c6 11. c4 Nbd7 12. Qc2 c5 13. Rfe1 Qc7 14. Rab1 a5 15. b3 e6 16. a3 exd5 17. cxd5 Rfe8 18. b4 axb4 19. axb4 c4 20. Qxc4 Qxc4 21. Bxc4 Nxe4 22. Rec1 Ne5 23. Nxe5 Bxe5 24. Bb5 Rec8 25. f4 Bc3 26. Bd7 Rc7 27. Bg4 f5 28. Bf3 Rac8 29. b5 Nd2 30. Bxd2 Bxd2 31. Rxc7 Rxc7 32. g3 Be3+ 33. Kh1 Rc2 34. Re1 Bf2 35. Re8+ Kf7 36. Rb8 Bxg3 37. Rxb7+ Kf6 38. Rd7 Bxf4 39. b6 Rb2 40. b7 h6 41. Bd1 Ke5 42. Re7+ Kd4 43. Ba4 Kxd5 44. Rc7 Ke4 45. Bc6+ d5 46. Re7+ Kf3 47. Bxd5+ Kf2 48. b8Q Bxb8 49. Rb7 Rd2 50. Rxb8 Rxd5 51. Rb6 g5 52. Kh2 h5 53. Rb2+ Ke3 54. Rb3+ Rd3 55. Rb5 Ke4 56. Kg2 g4 57. hxg4 hxg4 0-1

[Event "Evpatoria"]
[Site "Evpatoria"]
[Date "2010.02.02"]
[Round "2"]
[White "Shkuro, Iuri"]
[Black "Sanduleac, Vasile"]
[Result "1/2-1/2"]
[WhiteElo "2519"]
[BlackElo "2466"]
[PlyCount "29"]
[EventDate "2010.02.02"]
[EventType "tourn"]
[EventRounds "14"]
[EventCountry "UKR"]
[EventCategory "5"]
[SourceTitle "CBM 134 Extra"]
[Source "ChessBase"]
[SourceDate "2010.03.03"]
[SourceVersion "1"]
[SourceVersionDate "2010.03.03"]
[SourceQuality "1"]

1. e4 c6 2. d4 d5 3. e5 Bf5 4. c4 e6 5. Nc3 Nd7 6. a3 Ne7 7. Nf3 dxc4 8. Bxc4 Nb6 9. Bb3 Ned5 10. 0-0 Be7 11. Re1 0-0 12. h3 Qd7 13. Ne4 Rad8 14. Qe2 h6 15. Bd2 1/2-1/2

[Event "Evpatoria"]
[Site "Evpatoria"]
[Date "2009.10.20"]
[Round "12"]
[White "Sevostianov, Pavel"]
[Black "Shkuro, Iuri"]
[Result "0-1"]
[WhiteElo "2267"]
[BlackElo "2519"]
[PlyCount "64"]
[EventDate "2009.10.14"]
[EventType "tourn"]
[EventRounds "14"]
[EventCountry "UKR"]
[EventCategory "8"]
[SourceTitle "EXT 2010"]
[Source "ChessBase"]
[SourceDate "2010.11.25"]
[SourceVersion "1"]
[SourceVersionDate "2010.11.25"]
[SourceQuality "1"]

1. d4 Nc6 2. Nf3 d6 3. e4 Nf6 4. Nc3 Bg4 5. Bb5 a6 6. Bxc6+ bxc6 7. 0-0 e6 8. Bg5 Be7 9. h3 Bh5 10. Qd3 0-0 11. Rfe1 h6 12. Bh4 a5 13. Rad1 Rb8 14. b3 Re8 15. Bg3 Bg6 16. Nh4 Bh7 17. Nf3 Qc8 18. Nd2 d5 19. Qf3 Rb4 20. Be5 Nd7 21. a3 Nxe5 22. dxe5 Rb8 23. a4 Qa6 24. Qe2 Qb6 25. Qf3 Bb4 26. Ncb1 dxe4 27. Qe2 e3 28. Qxe3 Bxc2 29. Rc1 Bxb1 30. Nxb1 Bxe1 31. Rxe1 Qxb3 32. Nc3 Red8 0-1

[Event "Evpatoria"]
[Site "Evpatoria"]
[Date "2009.10.18"]
[Round "9"]
[White "Shkuro, Iuri"]
[Black "Chos, Alexey"]
[Result "1/2-1/2"]
[WhiteElo "2519"]
[BlackElo "2327"]
[PlyCount "176"]
[EventDate "2009.10.14"]
[EventType "tourn"]
[EventRounds "14"]
[EventCountry "UKR"]
[EventCategory "8"]
[SourceTitle "EXT 2010"]
[Source "ChessBase"]
[SourceDate "2010.11.25"]
[SourceVersion "1"]
[SourceVersionDate "2010.11.25"]
[SourceQuality "1"]

1. e4 c5 2. Nc3 d6 3. f4 Nc6 4. Nf3 Bg4 5. Bb5 e6 6. Bxc6+ bxc6 7. d3 Rb8 8. 0-0 Ne7 9. b3 g6 10. Bb2 Bg7 11. Na4 Bxb2 12. Nxb2 0-0 13. Nc4 f6 14. Qe1 Bxf3 15. Rxf3 Qd7 16. Kh1 Rf7 17. Qg3 Rd8 18. Raf1 d5 19. Nd2 f5 20. exd5 cxd5 21. Re3 Nc6 22. Nf3 Re7 23. h4 Nb4 24. Re2 Nxa2 25. h5 Nc3 26. Ree1 Qe8 27. Qg5 Rd6 28. Re5 Rc7 29. Nh4 Qe7 30. Qg3 Qf6 31. Rfe1 d4 32. Nf3 Nd5 33. Ng5 Re7 34. h6 Qf8 35. Qh4 Ne3 36. R1xe3 dxe3 37. Rxe3 e5 38. Nf3 e4 39. Ne5 exd3 40. cxd3 Qf6 41. Qg3 Rde6 42. Kg1 Qf8 43. Qg5 Qf6 44. Qg3 Re8 45. Qf3 g5 46. g3 Qxh6 47. Re2 Ra6 48. Qd5+ Qe6 49. Qb7 Re7 50. Qa8+ Kg7 51. Kf2 g4 52. Qd8 Rd6 53. Qa5 Rxd3 54. Qxc5 Rxb3 55. Kg2 Rd3 56. Qb4 Qd6 57. Qb2 Qd4 58. Nxd3 Rxe2+ 59. Qxe2 Qd5+ 60. Kf2 a5 61. Qe7+ Kg8 62. Qe8+ Kg7 63. Qe5+ Qxe5 64. fxe5 a4 65. Ke3 a3 66. Nb4 Kf7 67. Kf4 Ke6 68. Na2 h5 69. Nc1 h4 70. gxh4 g3 71. Kxg3 Kxe5 72. h5 Kf6 73. Kf4 Kg7 74. Kxf5 Kf7 75. Kg5 Kg7 76. Na2 Kh7 77. Nb4 Kg7 78. h6+ Kg8 79. Kh5 Kh7 80. Kg5 Kg8 81. Na2 Kh7 82. Kh5 Kh8 83. Kg6 Kg8 84. Nc1 Kh8 85. Kh5 Kh7 86. Kg5 Kg8 87. Kg6 Kh8 88. Na2 Kg8 1/2-1/2

[Event "Evpatoria"]
[Site "Evpatoria"]
[Date "2009.10.15"]
[Round "3"]
[White "Shkuro, Iuri"]
[Black "Tukhaev, Adam"]
[Result "0-1"]
[WhiteElo "2519"]
[BlackElo "2534"]
[PlyCount "98"]
[EventDate "2009.10.14"]
[EventType "tourn"]
[EventRounds "14"]
[EventCountry "UKR"]
[EventCategory "8"]
[SourceTitle "EXT 2010"]
[Source "ChessBase"]
[SourceDate "2010.11.25"]
[SourceVersion "1"]
[SourceVersionDate "2010.11.25"]
[SourceQuality "1"]

1. e4 c5 2. Nc3 e6 3. f4 a6 4. Nf3 Nc6 5. g3 d5 6. d3 Nf6 7. e5 Nd7 8. Bg2 Be7 9. 0-0 0-0 10. Kh1 Kh8 11. Ne2 b5 12. d4 Bb7 13. Be3 b4 14. g4 f6 15. c3 bxc3 16. bxc3 Rb8 17. Ng3 Qa5 18. Bd2 fxe5 19. dxe5 Qc7 20. h4 d4 21. Ng5 Bxg5 22. hxg5 Ne7 23. Ne4 Ng6 24. Qe1 Bd5 25. cxd4 cxd4 26. Rc1 Qb7 27. Kg1 Qb2 28. Rf2 Qa3 29. Rc2 Nh4 30. Bh1 Qh3 31. Rc7 Nxe5 32. fxe5 Nf3+ 33. Bxf3 Rxf3 34. Rxf3 Qxf3 35. Qf2 Qxe4 36. Kh2 Qxg4 37. Rf7 Kg8 38. Rf4 Qh5+ 39. Rh4 Qg6 40. Rxd4 Rf8 41. Rf4 Qh5+ 42. Kg3 Qxg5+ 43. Kh3 Qh5+ 44. Kg3 Qxe5 45. Kg4 Rxf4+ 46. Bxf4 Qf5+ 47. Kg3 e5 48. Be3 Qxf2+ 49. Bxf2 Bxa2 0-1

[Event "Yuzhny op"]
[Site "Yuzhny"]
[Date "2009.09.13"]
[Round "9"]
[White "Bogdanovich, Stanislav"]
[Black "Shkuro, Iuri"]
[Result "1-0"]
[WhiteElo "2386"]
[BlackElo "2531"]
[PlyCount "119"]
[EventDate "2009.09.08"]
[EventType "swiss"]
[EventRounds "9"]
[EventCountry "UKR"]
[SourceTitle "CBM 132 Extra"]
[Source "ChessBase"]
[SourceDate "2009.11.03"]
[SourceVersion "1"]
[SourceVersionDate "2009.11.03"]
[SourceQuality "1"]

1. d4 Nc6 2. Nf3 d6 3. e4 Nf6 4. Nc3 g6 5. Be2 Bg7 6. 0-0 0-0 7. Bg5 h6 8. Be3 Ng4 9. Bc1 Nf6 10. Be3 Ng4 11. Bc1 Nf6 12. h3 e5 13. d5 Ne7 14. Nh2 Nd7 15. Be3 f5 16. f3 f4 17. Bf2 Nf6 18. Na4 Nh5 19. Re1 Kh7 20. c4 Ng8 21. c5 Qg5 22. cxd6 cxd6 23. Qb3 Ng3 24. Bf1 Nf6 25. Nc3 Nfh5 26. Ng4 Nxf1 27. Kxf1 Ng3+ 28. Bxg3 fxg3 29. Ke2 Bd7 30. Nb5 h5 31. Ne3 Bh6 32. Nxd6 Rf6 33. Ndc4 b5 34. Nd2 a5 35. Rac1 a4 36. Qd3 Raf8 37. Rc7 R8f7 38. Rec1 Bf8 39. Rb7 Bd6 40. a3 Qh6 41. Ndf1 Qg5 42. Nd2 Qh6 43. Nc2 Bc5 44. Qc3 Bd6 45. Ne1 g5 46. Nd3 Re7 47. Nc5 Bxc5 48. Qxc5 Rff7 49. Qe3 Be8 50. Rxe7 Rxe7 51. Nf1 h4 52. Qc5 Qf6 53. Ne3 Bh5 54. Nf5 Rf7 55. Qc8 Qb6 56. Qc5 Qa6 57. Qc6 Qxc6 58. dxc6 Rc7 59. Nd6 Kg7 60. Nxb5 1-0

[Event "Yuzhny op"]
[Site "Yuzhny"]
[Date "2009.09.12"]
[Round "8"]
[White "Shkuro, Iuri"]
[Black "Stets, Dmitry"]
[Result "1/2-1/2"]
[WhiteElo "2531"]
[BlackElo "2434"]
[PlyCount "53"]
[EventDate "2009.09.08"]
[EventType "swiss"]
[EventRounds "9"]
[EventCountry "UKR"]
[SourceTitle "CBM 132 Extra"]
[Source "ChessBase"]
[SourceDate "2009.11.03"]
[SourceVersion "1"]
[SourceVersionDate "2009.11.03"]
[SourceQuality "1"]

1. e4 c5 2. Nc3 Nc6 3. Bb5 Nd4 4. Bc4 g6 5. Nf3 Bg7 6. 0-0 d6 7. Nxd4 cxd4 8. Ne2 Nf6 9. d3 e5 10. c3 dxc3 11. Nxc3 0-0 12. a4 Be6 13. Qb3 Qd7 14. Bg5 h6 15. Bxf6 Bxf6 16. a5 Rab8 17. Ra4 Bg5 18. Nd5 Kg7 19. Raa1 h5 20. f4 Bxd5 21. fxg5 Bxc4 22. dxc4 Rbc8 23. Rac1 Qc6 24. Qe3 b6 25. axb6 Qxb6 26. Qxb6 axb6 27. b3 1/2-1/2

[Event "Yuzhny op"]
[Site "Yuzhny"]
[Date "2009.09.11"]
[Round "5"]
[White "Ledakov, Alexandr"]
[Black "Shkuro, Iuri"]
[Result "0-1"]
[WhiteElo "2197"]
[BlackElo "2531"]
[PlyCount "96"]
[EventDate "2009.09.08"]
[EventType "swiss"]
[EventRounds "9"]
[EventCountry "UKR"]
[SourceTitle "CBM 132 Extra"]
[Source "ChessBase"]
[SourceDate "2009.11.03"]
[SourceVersion "1"]
[SourceVersionDate "2009.11.03"]
[SourceQuality "1"]

1. d4 Nc6 2. Nf3 d6 3. d5 Nb8 4. c4 Nf6 5. Nc3 g6 6. e4 Bg7 7. Be2 0-0 8. 0-0 Bg4 9. h3 Bxf3 10. Bxf3 c6 11. Bf4 Nbd7 12. Qd2 Rc8 13. Be2 Ne5 14. dxc6 Nxc6 15. Rfd1 Nd7 16. Bh6 Nc5 17. Bxg7 Kxg7 18. Bg4 Rb8 19. Rab1 a5 20. Qe3 f6 21. Nb5 Kh8 22. b3 Qe8 23. f4 Qf7 24. Kh2 Nxe4 25. Qxe4 f5 26. Qe3 fxg4 27. Rf1 gxh3 28. Qxh3 Qf5 29. Qc3+ Qf6 30. Qg3 Qg7 31. Rbe1 Rf5 32. Nc7 Nd4 33. Ne6 Nxe6 34. Rxe6 Rbf8 35. Rfe1 R8f7 36. Qe3 g5 37. Rxe7 gxf4 38. Rxf7 Rxf7 39. Qh3 Rf8 40. Re6 Rg8 41. Rh6 f3 42. g4 Qe5+ 43. Qg3 Rxg4 44. Qxe5+ dxe5 45. Re6 e4 46. Kh3 Rg1 47. Rxe4 f2 48. Re8+ Kg7 0-1